000
00299nam a2200109Ia 4500
008
220204s9999 xx 000 0 und d
082
_a
336.748.12
_b
ROB
100
_a
ROBBINS
245
0
_a
Against inflation: Speeches in the second chamber 1965-1977
260
_a
London
_b
Macmillan
_c
1979
942
_c
BK
999
_c
31798
_d
31798